000 00508nam a2200181Ia 4500
005 20250508151932.0
008 008 250505s9999 xx 000 0 eng d
037 _aTextual
040 _aFEDL
_beng
_cFEDL
041 _aeng
_2eng
084 _a364.3, STO
_qFEDL
100 _aStott D. H.
245 0 _aUnsettlled children and their families
260 _aLondon, UK
_bUniversity of London Press Limited
_c1956
300 _a240p
942 _cTEXL
_h364.3, STO
999 _c1333073
_d1333073